000 00752nam a2200241 a 4500
005 20191224041544.0
008 140224t1985 -CNa fr|||| 00| 0 eng d
040 _aCO-BoIAVH
_cCO-BoIAVH
041 _aeng
082 _a595.76
_bA54t
090 _aLB
_b00825
100 1 _aAnderson, Robert S.
245 1 4 _aThe Carrion beetles of Canada and Alaska
_bColeoptera, Silphidae and Agyrtidae
260 _aOttawa
_bBiosystematics Research Institute
_c1985
300 _a121 paginas.
_bIlustraciones
_c22 x 15 cm
650 _aInsectos
650 _aClaves taxonómicas
650 _aDescripciones taxonómicas
650 _aColeópteros
662 _aCanada
700 1 _aPeck, Stewart B.
942 _cLIBRO
_2ddc
999 _c838
_d838